000 00419nam a22001217a 4500
008 160503b xxu||||| |||| 00| 0 eng d
082 _222
_a621.381542
_bSOL-S 2011
100 1 _a Solanki, Chetan Singh
245 _aSolar photovoltaics : fundamentals, technologies and applications
_c Chetan Singh Solanki,
300 _axv, 478p:
_bindex;
650 _2Photovoltaic power systems
_aPhotovoltaic cells
942 _2ddc
_cBK
999 _c356086
_d356086